| 000 | 00502nam a2200181Ia 4500 | ||
|---|---|---|---|
| 001 | 16586 | ||
| 008 | 171214s1941 ii a g b000 u 465 u | ||
| 082 | _a523.85 | ||
| 100 | _aBok, Bart J. . | ||
| 245 | 0 |
_aThe Milky Way / _cBart J.Bok and Priscilla F.Bok. _hTextual Documents |
|
| 250 | _a1st ed. / | ||
| 260 |
_aToronto : _bThe Blackiston Co. , _c1941. |
||
| 300 |
_a223p. : _bill ; _c22cm . |
||
| 653 | _aAstronomy | ||
| 653 | _aT/G-Mathematics | ||
| 700 | _aBok, Priscilla F. . | ||
| 942 |
_2ddc _cBK |
||
| 999 |
_c16568 _d16568 |
||